[Event "Mundial Juvenil 2005 s14"]
[Site "Belfort FRA"]
[Date "2005.07.29"]
[Round "10.12"]
[White "Kanmazalp, Ogulcan"]
[Black "Roganovic, Milos"]
[Result "1/2-1/2"]
[WhiteElo "1599"]
[BlackElo "2228"]
[PlyCount "91"]
[EventDate "2005.07.19"]
[EventType "swiss"]
[EventRounds "11"]
[EventCountry "FRA"]
[Source "lmi"]
[SourceDate "2005.07.31"]

1. e4 c5 2. Nf3 a6 3. c4 Nc6 4. d4 cxd4 5. Nxd4 Nf6 6. Nc3 e5 7. Nf5 d5 8. cxd5
Bxf5 9. exf5 Nd4 10. Bd3 Nxd5 11. Be4 Nf6 12. Bg5 Ra7 13. Bxf6 Qxf6 14. O-O Bd6
15. Qg4 h5 16. Qh3 Qh6 17. Rfe1 O-O 18. Re3 b5 19. Nd5 Rd8 20. Rae1 Rad7 21. g4
h4 22. g5 Qxg5+ 23. Kh1 Bf8 24. Rg1 Qh5 25. Rg4 Rxd5 26. Rxh4 Qxh4 27. Qxh4
R5d6 28. Rh3 Rh6 29. Qg4 Rxh3 30. Qxh3 Ne2 31. Qb3 Nf4 32. Qc2 Rd4 33. b3 f6
34. h3 Bb4 35. a3 Bxa3 36. Qc8+ Kh7 37. Qxa6 b4 38. Qc6 Nxh3 39. Kg2 Nf4+ 40.
Kf3 Bb2 41. Qc2 Bc3 42. Qc1 Kg8 43. Bc6 Rd3+ 44. Kg4 Rd2 45. Bb5 Kf7 46. Qh1
1/2-1/2

[Event "Mundial Juvenil 2005 s14"]
[Site "Belfort FRA"]
[Date "2005.07.29"]
[Round "10.13"]
[White "Rentsen, Erdenetulga"]
[Black "Pereira, Ruben Miguel Nunes"]
[Result "1/2-1/2"]
[WhiteElo "1599"]
[BlackElo "2239"]
[PlyCount "92"]
[EventDate "2005.07.19"]
[EventType "swiss"]
[EventRounds "11"]
[EventCountry "FRA"]
[Source "lmi"]
[SourceDate "2005.07.31"]

1. e4 d6 2. d4 Nf6 3. Nc3 g6 4. Bg5 c6 5. Qd2 b5 6. Bd3 Bg7 7. Nf3 O-O 8. Bh6
Nbd7 9. Bxg7 Kxg7 10. e5 Ne8 11. h4 h5 12. g4 dxe5 13. gxh5 exd4 14. Ne2 e5 15.
Rg1 Qe7 16. Ng3 Nc5 17. hxg6 Nxd3+ 18. cxd3 fxg6 19. Nh5+ Kh7 20. Ng5+ Kg8 21.
Ne4 Bf5 22. Nhg3 Ng7 23. h5 Bxe4 24. dxe4 Rf4 25. O-O-O Qf7 26. Nf5 Nxf5 27.
Rxg6+ Ng7 28. Rdg1 Qxa2 29. Rxg7+ Kh8 30. R7g6 Qa1+ 31. Kc2 d3+ 32. Kxd3 Qxg1
33. Rxg1 Rd8+ 34. Ke2 Rxd2+ 35. Kxd2 Rxf2+ 36. Kc3 Re2 37. Rg6 Re3+ 38. Kd2
Rxe4 39. Rxc6 a5 40. Kc2 Rb4 41. b3 Kg7 42. Rc3 Re4 43. Rc5 a4 44. Rxb5 axb3+
45. Rxb3 Rh4 46. Rb5 Rxh5 1/2-1/2

[Event "Mundial Juvenil 2005 s14"]
[Site "Belfort FRA"]
[Date "2005.07.29"]
[Round "10.14"]
[White "Lehmann, Marco"]
[Black "Cordova, Emilio"]
[Result "0-1"]
[WhiteElo "2103"]
[BlackElo "2422"]
[PlyCount "70"]
[EventDate "2005.07.19"]
[EventType "swiss"]
[EventRounds "11"]
[EventCountry "FRA"]
[Source "lmi"]
[SourceDate "2005.07.31"]

1. d4 Nf6 2. Nf3 e6 3. g3 b6 4. Bg2 Bb7 5. O-O c5 6. c4 cxd4 7. Qxd4 Be7 8. Nc3
O-O 9. Rd1 Nc6 10. Qf4 Bc5 11. e4 e5 12. Qd2 Ng4 13. Rf1 Na5 14. Qe2 Qc8 15. b3
Nc6 16. Bb2 d6 17. h3 Nf6 18. Rfd1 Re8 19. Rac1 Qd7 20. Nd5 Nxd5 21. cxd5 Nb4
22. a3 Ba6 23. Qe1 Nd3 24. Rxd3 Bxd3 25. b4 Bd4 26. Nxd4 exd4 27. Qd2 Bb5 28.
Qxd4 f6 29. f4 Rac8 30. Re1 Rc4 31. Qe3 Rc2 32. Bd4 Bc4 33. g4 Bxd5 34. Bxf6
gxf6 35. Qd4 Bb7 0-1

[Event "Mundial Juvenil 2005 s14"]
[Site "Belfort FRA"]
[Date "2005.07.29"]
[Round "10.15"]
[White "Tvarijonas, Povilas"]
[Black "Demuth, Adrien"]
[Result "1-0"]
[WhiteElo "2174"]
[BlackElo "2053"]
[PlyCount "85"]
[EventDate "2005.07.19"]
[EventType "swiss"]
[EventRounds "11"]
[EventCountry "FRA"]
[Source "lmi"]
[SourceDate "2005.07.31"]

1. e4 e5 2. Nf3 Nc6 3. Bb5 a6 4. Ba4 Nf6 5. O-O Be7 6. Re1 b5 7. Bb3 d6 8. c3
O-O 9. h3 Na5 10. Bc2 c5 11. d4 Qc7 12. d5 Re8 13. Nbd2 h6 14. Nf1 Bf8 15. N3h2
g6 16. Qf3 Qe7 17. Ne3 Bg7 18. Bd2 Kh7 19. a4 Bd7 20. b4 cxb4 21. axb5 axb5 22.
cxb4 Nb7 23. Bd3 Rec8 24. Qe2 Qe8 25. Rec1 Rxc1+ 26. Rxc1 Nh5 27. g3 Bxh3 28.
Bxb5 Qd8 29. Bc6 Qe7 30. Qd1 Ra2 31. Ra1 Rxa1 32. Qxa1 Nd8 33. b5 Nf4 34. Qd1
Nd3 35. Qb1 Nc5 36. b6 Bc8 37. Bb4 Ndb7 38. Qc2 Qd8 39. Bxb7 Nxb7 40. Qc7 Qxc7
41. bxc7 Bf8 42. Nc4 Kg7 43. Nb6 1-0

[Event "Mundial Juvenil 2005 s14"]
[Site "Belfort FRA"]
[Date "2005.07.29"]
[Round "10.16"]
[White "Martinovic, Sasa"]
[Black "Krivec, Sandi"]
[Result "1-0"]
[WhiteElo "2139"]
[BlackElo "1599"]
[PlyCount "91"]
[EventDate "2005.07.19"]
[EventType "swiss"]
[EventRounds "11"]
[EventCountry "FRA"]
[Source "lmi"]
[SourceDate "2005.07.31"]

1. d4 d5 2. c4 e6 3. Nc3 Nf6 4. Nf3 Be7 5. Bf4 O-O 6. e3 a6 7. c5 Nc6 8. Rb1
Ne4 9. Qc2 f5 10. h4 Bd7 11. Be2 b6 12. b4 b5 13. h5 Bf6 14. Nd2 Nxc3 15. Qxc3
Ne7 16. Nf3 c6 17. Ne5 a5 18. Nxd7 Qxd7 19. bxa5 Qa7 20. a4 b4 21. Rxb4 Qxa5
22. O-O g5 23. hxg6 hxg6 24. Qb3 Kf7 25. Ra1 Rh8 26. Bd6 Qd8 27. Rb7 Qf8 28. g3
Qh6 29. Bf3 Ra6 30. Bxe7 Bxe7 31. Rxe7+ Kxe7 32. Qb7+ Kf6 33. Qxa6 g5 34. Qxc6
f4 35. Bxd5 Qh3 36. Qxe6+ Qxe6 37. Bxe6 Kxe6 38. gxf4 gxf4 39. e4 f3 40. Ra3
Rd8 41. Rxf3 Rxd4 42. Ra3 Rc4 43. a5 Rxc5 44. a6 Rc8 45. a7 Ra8 46. f4 1-0

[Event "Mundial Juvenil 2005 s14"]
[Site "Belfort FRA"]
[Date "2005.07.29"]
[Round "10.17"]
[White "Pavlidis, Anastasios"]
[Black "Shyam, Nikil P"]
[Result "0-1"]
[WhiteElo "2127"]
[BlackElo "1962"]
[PlyCount "80"]
[EventDate "2005.07.19"]
[EventType "swiss"]
[EventRounds "11"]
[EventCountry "FRA"]
[Source "lmi"]
[SourceDate "2005.07.31"]

1. d4 c5 2. d5 Nf6 3. c4 b5 4. cxb5 a6 5. Nc3 axb5 6. e4 b4 7. Nb5 d6 8. Bc4 g6
9. e5 dxe5 10. d6 exd6 11. Bg5 Bb7 12. Nf3 Nbd7 13. O-O h6 14. Qb3 d5 15. Bxf6
dxc4 16. Qe3 Qxf6 17. Nc7+ Kd8 18. Nxa8 Bxa8 19. a3 b3 20. Qc3 Bd6 21. Rad1 Ke7
22. Nd2 Nb6 23. Nxc4 Nxc4 24. Qxc4 Qe6 25. Qa6 Rd8 26. Qb6 e4 27. Qa5 Qe5 28.
g3 c4 29. Qa7+ Kf8 30. Qb6 Rd7 31. Qa6 Bd5 32. Rfe1 Kg7 33. Qa5 Be6 34. Qa8
Qxb2 35. Qxe4 Bc5 36. Rxd7 Qxf2+ 37. Kh1 Bxd7 38. Rd1 Bf5 39. Qe5+ Kh7 40. Qd5
Bg4 0-1

[Event "Mundial Juvenil 2005 s14"]
[Site "Belfort FRA"]
[Date "2005.07.29"]
[Round "10.18"]
[White "Mammadov, Ayaz"]
[Black "Kleijn, Christov"]
[Result "1-0"]
[WhiteElo "2037"]
[BlackElo "2093"]
[PlyCount "161"]
[EventDate "2005.07.19"]
[EventType "swiss"]
[EventRounds "11"]
[EventCountry "FRA"]
[Source "lmi"]
[SourceDate "2005.07.31"]

1. e4 c5 2. Nf3 d6 3. d4 cxd4 4. Nxd4 Nf6 5. Nc3 g6 6. Be3 Bg7 7. f3 Nc6 8. Qd2
O-O 9. Bc4 Bd7 10. h4 Ne5 11. Bb3 Qa5 12. O-O-O Rfc8 13. Kb1 Nc4 14. Bxc4 Rxc4
15. Nb3 Qa6 16. e5 Ne8 17. Nd5 Bxe5 18. Nxe7+ Kf8 19. Nd5 Bf5 20. Bh6+ Ng7 21.
Ne3 Rac8 22. Rc1 Bf4 23. Bxf4 Rxf4 24. Rcd1 Be6 25. Qxd6+ Qxd6 26. Rxd6 Ke7 27.
Rd4 Rf6 28. Re1 Kf8 29. Red1 Nf5 30. Nxf5 Rxf5 31. Rd8+ Ke7 32. Rxc8 Bxc8 33.
Nd4 Re5 34. Kc1 Bd7 35. Kd2 Ra5 36. a3 Rd5 37. c3 Kd6 38. f4 Kc5 39. Re1 Kd6
40. Ke3 Rc5 41. Rd1 Kc7 42. g3 Bg4 43. Rd2 a6 44. Nc2 Rc6 45. Nb4 Re6+ 46. Kf2
h5 47. Nd5+ Kc6 48. Ne3 Kc7 49. Rd5 Rb6 50. b4 Be6 51. Rd4 Rc6 52. c4 a5 53.
Kf3 f5 54. b5 Rc5 55. Ke2 Kc8 56. Kd3 Kc7 57. Nd5+ Kd6 58. Ne3+ Ke7 59. Kc3 Bf7
60. Rd3 Be6 61. Kd4 Rc8 62. Kc3 Rc5 63. Rd4 Rc8 64. Nf1 Bd7 65. a4 b6 66. Nd2
Be6 67. Nf3 Bd7 68. Ne5 Be8 69. Rd5 Rc7 70. Kd3 Rc8 71. Kd4 Ke6 72. Kc3 Rb8 73.
Rd2 Rc8 74. Rd3 Ke7 75. Rd5 Ke6 76. Kd4 Rb8 77. c5 bxc5+ 78. Kxc5 Rc8+ 79. Nc6
Bxc6 80. bxc6 Ke7 81. Re5+ 1-0

[Event "Mundial Juvenil 2005 s14"]
[Site "Belfort FRA"]
[Date "2005.07.30"]
[Round "11.2"]
[White "Hess, Robert L"]
[Black "Matlakov, Maxim"]
[Result "1/2-1/2"]
[WhiteElo "2278"]
[BlackElo "2399"]
[PlyCount "94"]
[EventDate "2005.07.19"]
[EventType "swiss"]
[EventRounds "11"]
[EventCountry "FRA"]
[Source "lmi"]
[SourceDate "2005.07.31"]

1. e4 c5 2. Nf3 Nc6 3. Bb5 g6 4. O-O Bg7 5. c3 Nf6 6. Qe2 O-O 7. e5 Ne8 8. Qe3
d6 9. exd6 exd6 10. Bxc6 bxc6 11. d4 cxd4 12. Nxd4 Qb6 13. Nb3 Be6 14. Na3 c5
15. Qf3 Nf6 16. Bg5 Nd7 17. Rad1 Ne5 18. Qe2 Rfe8 19. Qb5 Qc7 20. Qa5 Qc6 21.
Qb5 Qe4 22. Rxd6 Rab8 23. Qxc5 Bxb3 24. axb3 Qf5 25. Rd5 Qxg5 26. f4 Nf3+ 27.
Rxf3 Qh4 28. Rd1 Re2 29. Rf2 Bf8 30. Qd4 Rbe8 31. Rdf1 Qh5 32. b4 a5 33. f5
axb4 34. cxb4 Rxf2 35. Qxf2 Bd6 36. h3 Bxb4 37. fxg6 Qxg6 38. Qf5 Re2 39. Qxg6+
hxg6 40. Nc4 f5 41. Rd1 Kg7 42. Rd7+ Kf6 43. Kf1 Rc2 44. Rc7 Kg5 45. Rc6 f4 46.
Ne5 Rxb2 47. Nd3 Rb1+ 1/2-1/2

[Event "Mundial Juvenil 2005 s14"]
[Site "Belfort FRA"]
[Date "2005.07.30"]
[Round "11.4"]
[White "Wei, Chenpeng"]
[Black "Sandeep, Y."]
[Result "1-0"]
[WhiteElo "2406"]
[BlackElo "2189"]
[PlyCount "72"]
[EventDate "2005.07.19"]
[EventType "swiss"]
[EventRounds "11"]
[EventCountry "FRA"]
[Source "lmi"]
[SourceDate "2005.07.31"]

1. e4 c5 2. Nf3 d6 3. d4 cxd4 4. Nxd4 Nf6 5. Nc3 a6 6. Be3 e5 7. Nb3 Be6 8. f3
Nbd7 9. g4 b5 10. g5 b4 11. Ne2 Nh5 12. Qd2 a5 13. Ng3 Nxg3 14. hxg3 Qc7 15. f4
Bc4 16. Bh3 a4 17. Nc1 Nc5 18. Bg2 Rb8 19. Nd3 Na6 20. O-O Be7 21. Rfc1 O-O 22.
b3 Bb5 23. bxa4 Bxa4 24. a3 Bc6 25. axb4 Qb7 26. c4 Nc7 27. Ra2 Qc8 28. fxe5
dxe5 29. b5 Bb7 30. Nxe5 Rd8 31. Qf2 Qe6 32. Kh2 Rbc8 33. Nc6 Rd3 34. e5 Ba3
35. Bf1 Nxb5 36. cxb5 Rd7 1-0

[Event "Mundial Juvenil 2005 s14"]
[Site "Belfort FRA"]
[Date "2005.07.30"]
[Round "11.5"]
[White "Recuero Guerra, David"]
[Black "Chirila, Ioan Cristian"]
[Result "0-1"]
[WhiteElo "2261"]
[BlackElo "2350"]
[PlyCount "124"]
[EventDate "2005.07.19"]
[EventType "swiss"]
[EventRounds "11"]
[EventCountry "FRA"]
[Source "lmi"]
[SourceDate "2005.07.31"]

1. e4 c5 2. Nf3 e6 3. d4 cxd4 4. Nxd4 a6 5. c4 Nf6 6. Nc3 Bb4 7. Qc2 Qc7 8. a3
Bc5 9. Nb3 Ba7 10. c5 Bxc5 11. Nxc5 Qxc5 12. Be3 Qc7 13. Rc1 Nc6 14. Qd2 d6 15.
f3 O-O 16. Bc4 b5 17. Ba2 Bb7 18. O-O Qe7 19. Rcd1 Rfd8 20. f4 b4 21. axb4 Nxb4
22. Bb1 d5 23. Bb6 Rdc8 24. e5 Nd7 25. Bd4 Nc6 26. Ne2 Nxd4 27. Nxd4 g6 28. Rf3
Rc4 29. b3 Rc7 30. Rh3 Nf8 31. Rf1 Rac8 32. Rg3 Kh8 33. Re1 Qa3 34. Bc2 a5 35.
f5 Qb4 36. Qxb4 axb4 37. fxg6 hxg6 38. Rf1 Ba6 39. Rf2 Kg7 40. Rgf3 Re7 41. h4
Nd7 42. Re3 Rh8 43. g3 Ree8 44. Nc6 Bb5 45. Nxb4 Rh5 46. Bd3 Rb8 47. Bxb5 Rxb5
48. Nc6 Rc5 49. Nd8 Rf5 50. Rxf5 gxf5 51. Nb7 Rc2 52. Kf1 Rb2 53. Nd6 d4 54.
Rd3 Nxe5 55. Rxd4 Rxb3 56. Kg2 Rb2+ 57. Kf1 Rc2 58. Nb5 Ng4 59. Rd3 e5 60. Nd6
e4 61. Nxf5+ Kf6 62. Rd5 Rf2+ 0-1

[Event "Mundial Juvenil 2005 s14"]
[Site "Belfort FRA"]
[Date "2005.07.30"]
[Round "11.6"]
[White "Rozum, Ivan"]
[Black "Benidze, David"]
[Result "1/2-1/2"]
[WhiteElo "2297"]
[BlackElo "2243"]
[PlyCount "73"]
[EventDate "2005.07.19"]
[EventType "swiss"]
[EventRounds "11"]
[EventCountry "FRA"]
[Source "lmi"]
[SourceDate "2005.07.31"]

1. e4 c5 2. Nf3 Nc6 3. Bb5 g6 4. Bxc6 bxc6 5. O-O Bg7 6. Re1 e5 7. c3 Ne7 8. d4
cxd4 9. cxd4 exd4 10. Nxd4 O-O 11. Nc3 Bb7 12. Nb3 d6 13. Bf4 Nc8 14. e5 dxe5
15. Bxe5 Bxe5 16. Rxe5 Qc7 17. Qd4 Nd6 18. Rae1 Nf5 19. Qf4 Rae8 20. g3 Rxe5
21. Qxe5 Qxe5 22. Rxe5 Rd8 23. g4 Nh4 24. Re7 Bc8 25. h3 f5 26. Rxa7 fxg4 27.
hxg4 Bxg4 28. Ne4 Rd1+ 29. Kh2 Nf3+ 30. Kg3 Rg1+ 31. Kf4 g5+ 32. Nxg5 Nxg5 33.
Kxg5 Bd1+ 34. Kf6 Rg6+ 35. Ke5 Rg5+ 36. Kd6 Rg6+ 37. Ke5 1/2-1/2

[Event "Mundial Juvenil 2005 s14"]
[Site "Belfort FRA"]
[Date "2005.07.30"]
[Round "11.7"]
[White "Zhao, Nan"]
[Black "Kruglyakov, Pavlo"]
[Result "1-0"]
[WhiteElo "2276"]
[BlackElo "2242"]
[PlyCount "128"]
[EventDate "2005.07.19"]
[EventType "swiss"]
[EventRounds "11"]
[EventCountry "FRA"]
[Source "lmi"]
[SourceDate "2005.07.31"]

1. e4 c5 2. Nf3 e6 3. d4 cxd4 4. Nxd4 a6 5. Bd3 Nf6 6. O-O d6 7. c4 Be7 8. Be3
O-O 9. Nc3 Qc7 10. Rc1 b6 11. f4 Nbd7 12. Qf3 Bb7 13. g4 g6 14. g5 Nh5 15. Qh3
Qd8 16. Nf3 Re8 17. Rce1 Rc8 18. Qg4 Ng7 19. Bd4 e5 20. Be3 exf4 21. Qxf4 f6
22. gxf6 Nxf6 23. Nd5 Bxd5 24. exd5 Ngh5 25. Qd4 Nd7 26. Qg4 Bf6 27. Bd4 Bxd4+
28. Qxd4 Qf6 29. Qxf6 Nhxf6 30. h3 Nh5 31. Rxe8+ Rxe8 32. Re1 Rf8 33. Re3 Nf4
34. Bf1 a5 35. Re7 Nc5 36. Ng5 h6 37. Ne4 Nxe4 38. Rxe4 Kg7 39. a3 g5 40. Re7+
Rf7 41. Re3 Kf6 42. Re8 Rb7 43. Kf2 Kf7 44. Rd8 Ke7 45. Rh8 Kf6 46. Rxh6+ Ke5
47. a4 Rf7 48. Ke1 Rg7 49. Rh8 Ke4 50. Rd8 Kf3 51. Rxd6 Re7+ 52. Kd2 Re4 53.
Kc2 Rd4 54. Rf6 Kf2 55. Bd3 Ke3 56. Bf5 Rxc4+ 57. Kb1 Nxd5 58. Rd6 Nb4 59. Re6+
Kf4 60. Bg6 Nd5 61. Rd6 Rd4 62. Rd7 Ke5 63. Rg7 Kf4 64. Rf7+ Ke3 1-0

[Event "Mundial Juvenil 2005 s14"]
[Site "Belfort FRA"]
[Date "2005.07.30"]
[Round "11.8"]
[White "Cordova, Emilio"]
[Black "Huschenbeth, Niclas"]
[Result "1-0"]
[WhiteElo "2422"]
[BlackElo "2180"]
[PlyCount "51"]
[EventDate "2005.07.19"]
[EventType "swiss"]
[EventRounds "11"]
[EventCountry "FRA"]
[Source "lmi"]
[SourceDate "2005.07.31"]

1. d4 Nf6 2. Nf3 c5 3. d5 g6 4. Nc3 d6 5. Bf4 Bg7 6. a4 Qb6 7. Ra3 c4 8. Qc1
Ne4 9. Nxe4 Bxb2 10. Qe3 Qb4+ 11. Rc3 Qxa4 12. Nxd6+ Kf8 13. Bh6+ Kg8 14. Rxc4
Qa1+ 15. Qc1 Qxc1+ 16. Bxc1 Bxc1 17. Rxc8+ Kg7 18. Ne8+ Kh6 19. g4 a5 20. e3
Rxe8 21. Rxe8 a4 22. Rg8 a3 23. g5+ Kh5 24. Be2 a2 25. h4 Kg4 26. Nd4# 1-0

[Event "Mundial Juvenil 2005 s14"]
[Site "Belfort FRA"]
[Date "2005.07.30"]
[Round "11.9"]
[White "Pap, Gyula"]
[Black "Martinovic, Sasa"]
[Result "1-0"]
[WhiteElo "2384"]
[BlackElo "2139"]
[PlyCount "53"]
[EventDate "2005.07.19"]
[EventType "swiss"]
[EventRounds "11"]
[EventCountry "FRA"]
[Source "lmi"]
[SourceDate "2005.07.31"]

1. d4 d5 2. c4 c6 3. Nf3 Nf6 4. e3 Bf5 5. Nc3 e6 6. Nh4 Bg6 7. Qb3 Qc7 8. Nxg6
hxg6 9. Bd2 Nbd7 10. h3 Nb6 11. Rc1 Nxc4 12. Bxc4 dxc4 13. Qxc4 Be7 14. b4 Qd7
15. O-O O-O 16. Rfd1 Rfd8 17. f3 Rac8 18. Ne2 b6 19. e4 c5 20. dxc5 bxc5 21. b5
Qd3 22. Qxd3 Rxd3 23. Bc3 c4 24. Nf4 Ba3 25. Nxd3 cxd3 26. Bb2 Rxc1 27. Bxc1
1-0

[Event "Mundial Juvenil 2005 s14"]
[Site "Belfort FRA"]
[Date "2005.07.30"]
[Round "11.10"]
[White "Leniart, Arkadiusz"]
[Black "Mammadov, Ayaz"]
[Result "1-0"]
[WhiteElo "2269"]
[BlackElo "2037"]
[PlyCount "72"]
[EventDate "2005.07.19"]
[EventType "swiss"]
[EventRounds "11"]
[EventCountry "FRA"]
[Source "lmi"]
[SourceDate "2005.07.31"]

1. d4 d5 2. c4 e6 3. Nf3 c6 4. e3 Nf6 5. Nc3 Nbd7 6. Qc2 Bd6 7. Be2 O-O 8. O-O
Qe7 9. Bd2 dxc4 10. Bxc4 e5 11. Bb3 e4 12. Ng5 Bxh2+ 13. Kxh2 Ng4+ 14. Kg1 Qxg5
15. Qxe4 Ndf6 16. Qf4 Qxf4 17. exf4 Be6 18. f3 Nh6 19. g4 Bxb3 20. axb3 Nd5 21.
Nxd5 cxd5 22. f5 f6 23. Bxh6 gxh6 24. Rfc1 Rf7 25. Rc5 Rd7 26. Kf2 a6 27. b4
Re8 28. b5 axb5 29. Rxb5 Rc8 30. Rc5 Rc6 31. b4 Kg7 32. Ke3 h5 33. gxh5 Kh6 34.
Kf4 Rcd6 35. Re1 Kg7 36. Re6 Ra6 1-0

[Event "Mundial Juvenil 2005 s16"]
[Site "Belfort FRA"]
[Date "2005.07.19"]
[Round "1.1"]
[White "Behmardi Kalantari, Rostam"]
[Black "Nguyen, Ngoc Truongson"]
[Result "0-1"]
[WhiteElo "2126"]
[BlackElo "2554"]
[PlyCount "78"]
[EventDate "2005.07.19"]
[EventType "swiss"]
[EventRounds "11"]
[EventCountry "FRA"]
[Source "lmi"]
[SourceDate "2005.07.31"]

1. e4 c5 2. Nf3 Nc6 3. d4 cxd4 4. Nxd4 Nf6 5. Nc3 e5 6. Ndb5 d6 7. Bg5 a6 8.
Bxf6 gxf6 9. Na3 b5 10. Nd5 Bg7 11. c3 f5 12. Bd3 Ne7 13. Nc2 Nxd5 14. exd5 Qg5
15. g3 e4 16. f4 Qg6 17. Be2 h5 18. a4 h4 19. Kf2 bxa4 20. Rxa4 Bd7 21. Ra2 Bf6
22. c4 Bd8 23. c5 dxc5 24. Bc4 Qd6 25. Kg2 Bf6 26. Qd2 h3+ 27. Kf2 a5 28. Rxa5
Rxa5 29. Qxa5 O-O 30. b3 Qe7 31. Ne3 Bd4 32. Rd1 Qf6 33. Rd2 Bc3 34. Qa2 Bxd2
35. Qxd2 Ra8 36. Qc2 Qa1 37. Be2 Qh1 38. Nf1 Qg2+ 39. Ke3 Ra1 0-1

[Event "Mundial Juvenil 2005 s16"]
[Site "Belfort FRA"]
[Date "2005.07.19"]
[Round "1.3"]
[White "Aithmidou, Mahamed-Mehdi"]
[Black "Nepomniachtchi, Ian"]
[Result "0-1"]
[WhiteElo "2123"]
[BlackElo "2502"]
[PlyCount "97"]
[EventDate "2005.07.19"]
[EventType "swiss"]
[EventRounds "11"]
[EventCountry "FRA"]
[Source "lmi"]
[SourceDate "2005.07.31"]

1. e4 c5 2. Nf3 d6 3. d4 cxd4 4. Nxd4 Nf6 5. Nc3 a6 6. a4 e5 7. Nb3 Be6 8. Be2
Nbd7 9. Be3 Rc8 10. O-O Be7 11. f4 O-O 12. f5 Bc4 13. a5 Qc7 14. g4 Bxe2 15.
Qxe2 Qc4 16. Qf3 d5 17. Ra4 dxe4 18. Qd1 Qc6 19. g5 Ne8 20. Rxe4 f6 21. g6 hxg6
22. Nd5 Bd8 23. Bc5 gxf5 24. Rc4 Qe6 25. Qd3 e4 26. Nf4 Qf7 27. Qe2 g5 28. Ng2
Nxc5 29. Rxc5 Rxc5 30. Nxc5 Nd6 31. Ne3 f4 32. Ng4 Kg7 33. Nxe4 Qe6 34. Nc3
Qxe2 35. Nxe2 Bxa5 36. Rd1 Nf5 37. Kf1 Rd8 38. Rxd8 Bxd8 39. Nc1 Bb6 40. Nd3
Kg6 41. Ke2 Ne3 42. Nxe3 Bxe3 43. Kf3 f5 44. Nf2 g4+ 45. Kg2 f3+ 46. Kf1 f4 47.
Nd3 Kg5 48. b4 Ba7 49. c4 0-1

[Event "Mundial Juvenil 2005 s16"]
[Site "Belfort FRA"]
[Date "2005.07.19"]
[Round "1.4"]
[White "Szabo, Krisztian"]
[Black "Zemouli, Issam"]
[Result "1-0"]
[WhiteElo "2422"]
[BlackElo "2122"]
[PlyCount "91"]
[EventDate "2005.07.19"]
[EventType "swiss"]
[EventRounds "11"]
[EventCountry "FRA"]
[Source "lmi"]
[SourceDate "2005.07.31"]

1. e4 c5 2. Nf3 d6 3. d4 cxd4 4. Nxd4 Nf6 5. Nc3 e5 6. Nb3 Be6 7. Bg5 Nbd7 8.
Bb5 a6 9. Bxd7+ Qxd7 10. Bxf6 gxf6 11. Nd5 Qd8 12. Qd3 Bxd5 13. Qxd5 Qc7 14.
O-O Qc6 15. Rad1 Qxd5 16. Rxd5 Kd7 17. Nc5+ Kc7 18. Na4 Rd8 19. Nc3 Kd7 20. f4
Ke6 21. Rd3 Be7 22. Nd5 Rhg8 23. f5+ Kd7 24. Rc3 Ke8 25. h3 Rf8 26. Rff3 Rb8
27. Rg3 Bd8 28. b4 Rh8 29. Kf1 Kf8 30. Ke2 Rg8 31. Rxg8+ Kxg8 32. Kf3 Kf8 33.
Kg4 Kg7 34. Kh5 h6 35. a4 Ra8 36. a5 Rb8 37. Kg4 Kf8 38. Kf3 Kg8 39. Ke2 Kf8
40. Kd1 Ke8 41. Kc1 Kf8 42. Kb2 h5 43. Kb3 Kg7 44. Ka4 Ra8 45. Nc7 Rb8 46. Ne8+
1-0

[Event "Mundial Juvenil 2005 s16"]
[Site "Belfort FRA"]
[Date "2005.07.19"]
[Round "1.5"]
[White "Dragicevic, Drazen"]
[Black "Sanikidze, Tornike"]
[Result "0-1"]
[WhiteElo "2121"]
[BlackElo "2417"]
[PlyCount "80"]
[EventDate "2005.07.19"]
[EventType "swiss"]
[EventRounds "11"]
[EventCountry "FRA"]
[Source "lmi"]
[SourceDate "2005.07.31"]

1. e4 e5 2. Nf3 Nc6 3. Bc4 Nf6 4. d3 Be7 5. O-O O-O 6. Re1 d6 7. c3 Na5 8. Bb5
a6 9. Ba4 b5 10. Bc2 c5 11. Nbd2 Qc7 12. Nf1 Nc6 13. Ng3 Re8 14. h3 d5 15. Bg5
Be6 16. Qe2 d4 17. Bb3 Qd7 18. Bxe6 Qxe6 19. Nf5 Bf8 20. Nh2 h6 21. Bd2 Red8
22. f4 c4 23. cxd4 cxd3 24. Qf3 Nxd4 25. Nxd4 Rxd4 26. Bc3 d2 27. Rf1 Nxe4 28.
Bxd4 exd4 29. Ng4 f5 30. Ne5 Rd8 31. g4 Bd6 32. Nd3 Nc5 33. Nxc5 Bxc5 34. Qb3
d3+ 35. Kg2 Rd5 36. Kg3 Kh7 37. Qd1 Qe2 38. a3 g5 39. b4 gxf4+ 40. Rxf4 Bd6 0-1

[Event "Mundial Juvenil 2005 s16"]
[Site "Belfort FRA"]
[Date "2005.07.19"]
[Round "1.6"]
[White "Trofimov, Sergey P"]
[Black "Zhang, Jundi"]
[Result "1-0"]
[WhiteElo "2411"]
[BlackElo "2112"]
[PlyCount "93"]
[EventDate "2005.07.19"]
[EventType "swiss"]
[EventRounds "11"]
[EventCountry "FRA"]
[Source "lmi"]
[SourceDate "2005.07.31"]

1. d4 Nf6 2. c4 g6 3. Nc3 Bg7 4. e4 d6 5. Nf3 O-O 6. Be2 e5 7. O-O Nbd7 8. Re1
Re8 9. Bf1 exd4 10. Nxd4 Nc5 11. f3 Ne6 12. Nc2 Nh5 13. Be3 Be5 14. Qd2 Qh4 15.
g3 Nxg3 16. hxg3 Bxg3 17. Re2 Nf4 18. Rh2 Nh3+ 19. Bxh3 Bxh3 20. Nd5 Re5 21.
Rxh3 Qxh3 22. f4 Rxd5 23. cxd5 Re8 24. Qg2 Qh4 25. Nd4 Bxf4 26. Bf2 Qf6 27. Re1
Re5 28. Nf3 Rh5 29. Bd4 Qe7 30. b3 Qd7 31. Be3 Bxe3+ 32. Rxe3 f5 33. e5 dxe5
34. Rxe5 c6 35. Qe2 Kf8 36. Qe3 Qd6 37. Kg2 cxd5 38. Re8+ Kf7 39. Rc8 Kg7 40.
Qe8 Kh6 41. Ne5 Rg5+ 42. Kf3 Kh5 43. Rc1 Rg4 44. Nxg4 fxg4+ 45. Kg2 d4 46. Rh1+
Kg5 47. Qb5+ 1-0

[Event "Mundial Juvenil 2005 s16"]
[Site "Belfort FRA"]
[Date "2005.07.19"]
[Round "1.7"]
[White "Golub, Dan"]
[Black "Bachmann, Axel"]
[Result "1-0"]
[WhiteElo "2104"]
[BlackElo "2410"]
[PlyCount "101"]
[EventDate "2005.07.19"]
[EventType "swiss"]
[EventRounds "11"]
[EventCountry "FRA"]
[Source "lmi"]
[SourceDate "2005.07.31"]

1. e4 d6 2. d4 Nf6 3. Nc3 g6 4. Be3 c6 5. f3 Nbd7 6. Qd2 Bg7 7. Bc4 b5 8. Bb3
a6 9. O-O-O Bb7 10. Nge2 c5 11. dxc5 dxc5 12. Bd5 Nxd5 13. exd5 Qa5 14. Kb1 O-O
15. h4 Nf6 16. Nf4 Rfd8 17. Ne4 Qxd2 18. Rxd2 Nxd5 19. Rhd1 e6 20. Nxc5 Bc6 21.
Nxd5 Rxd5 22. c3 Bf6 23. Bg5 Kg7 24. Ne4 Bd8 25. Kc2 Rxd2+ 26. Nxd2 h6 27. Bxd8
Rxd8 28. Nb3 Bd5 29. Na5 Rc8 30. b3 b4 31. Rd3 Rc5 32. a4 bxa3 33. b4 Rc7 34.
c4 g5 35. hxg5 hxg5 36. Rd4 Kf6 37. Kb3 Ke5 38. Rd2 Bb7 39. Nxb7 Rxb7 40. g3 a2
41. Rxa2 Kd4 42. Rxa6 Ke3 43. c5 Kxf3 44. c6 Rb8 45. Ra7 f5 46. c7 Rg8 47. Rb7
Rc8 48. b5 f4 49. gxf4 g4 50. b6 g3 51. Ra7 1-0

[Event "Mundial Juvenil 2005 s16"]
[Site "Belfort FRA"]
[Date "2005.07.19"]
[Round "1.8"]
[White "Olszewski, Michal"]
[Black "Rakus, Pavel"]
[Result "1-0"]
[WhiteElo "2399"]
[BlackElo "2102"]
[PlyCount "63"]
[EventDate "2005.07.19"]
[EventType "swiss"]
[EventRounds "11"]
[EventCountry "FRA"]
[Source "lmi"]
[SourceDate "2005.07.31"]

1. e4 c5 2. Nf3 Nc6 3. c3 e6 4. d4 cxd4 5. cxd4 d5 6. e5 Bb4+ 7. Nc3 f6 8. exf6
Nxf6 9. Bd3 Ne4 10. Qc2 Qa5 11. O-O Nf6 12. Bg5 Bd7 13. a3 Be7 14. Rfe1 h6 15.
Bg6+ Kd8 16. Bh4 Rf8 17. Bg3 a6 18. b4 Qb6 19. Na4 Qa7 20. Nc5 Rc8 21. Qd2 Bxc5
22. dxc5 Ne7 23. Bd3 Ne8 24. Nd4 Rf6 25. Be5 Rf7 26. Qe3 Nc6 27. Bg6 Rf8 28.
Bxe8 Rxe8 29. Bxg7 b6 30. cxb6 Qb7 31. Bf6+ Ne7 32. Nxe6+ 1-0